The Strokes Lyrics - Chances - Statistics

General Stats
  • This quiz has been taken 44 times
  • The average score is 153 of 207
Answer Stats
Lyrics % Correct
I
100%
'ya
100%
You
100%
you
100%
a
96%
do
93%
my
93%
on
93%
wait
93%
chances
89%
for
89%
go?
89%
take
89%
your
89%
anymore
85%
don't
85%
it
85%
alone
81%
be
81%
But
81%
didn't
81%
know
81%
me
81%
not
81%
now
81%
now,
81%
Now
81%
oh,
81%
see
81%
will
81%
Will
81%
and
78%
And
78%
game,
78%
game
78%
play
78%
So
78%
the
78%
waited
78%
can
74%
Get
74%
gone
74%
horse
74%
As
70%
ask
70%
if
70%
is
70%
something
70%
When
70%
wrong
70%
up
67%
he
59%
in
59%
It's
59%
it's
59%
They
59%
they
59%
that
56%
time
56%
to
56%
want
56%
believe
52%
night
52%
We
52%
could
48%
got
48%
out
48%
too
48%
Waiting
48%
way
48%
by
44%
isn't
44%
of
44%
We're
44%
he's
41%
ready
41%
side
41%
anyone
37%
every
37%
finds
37%
Here's
37%
his
37%
invited
37%
life
37%
surprise
37%
travel
37%
claims
33%
crawl
33%
decides
33%
having
33%
new
33%
stewardess,
33%
truth's
33%
days
30%
Leaving
26%
trouble
26%
unorthodox
22%
view
22%
fleeting
19%
No matching quizzes found
Score Distribution
Percent of People with Each Score
Percentile by Number Answered
Your Score History
You have not taken this quiz